Quiz z wiedzy ogólnej o Inazumie Eleven - Statystyki

Ogólne statystyki
  • Ten quiz został rozwiązany 18 razy
  • Średni wynik to 6 z 15
Statystyki odpowiedzi
Wskazówka Odpowiedz % Poprawnych
To pierwsza techinka Marka Evansa Boska Ręka
92%
Imię Ktore nosił Brat Shawna Frosta Aiden
67%
Jakim wynikiem zakończył się mecz Inazumy Japan Z Lwami Pustyni 3-2
58%
Która Reprezentacja Narodowa miała zawodnika którego ruchem specjalnym był Megalodon Australia
58%
Kto uciekł z boiska podczas meczu z Akademią Królewską Willy Glass
58%
Ile odcinkow trwal finał play-offów AzjiPomiędzy Japonią a Koreą Południową 4
50%
Jak nazywała sie zakazana technika Joe Kinga której używał? Kieł Bestii
33%
Podaj Imie zawodnika który używał techniki o nazwie Północny Strzał Gazelle
25%
Jak nazywała się technika Bramkarza Mrocznej Drużyny Z Koniec
25%
Czym poczęstował Xaviera Pewien chłopak w Lesie Ogórkiem
25%
W filmie o Ograch Zeus przegrał z nimi półfinał pucharu kraju. Jakim wynikiem zakończył sie ten mecz? 36-0
17%
Jak tak naprawdę nazywa sie Dvalin? Dave Quagmire
17%
Kto jako pierwszy strzelił bramkę Dla Inazumy Japan w strefie Futbolu Kevin Dragonfly
17%
Podaj Nazwę drużyny Która chciała zastąpić Inazume Japan Neo National
17%
Podaj inną nazwe ruchu Marka Evansa niż Ręka Ijigen Wymiarowa Ręka
8%
Nie znaleziono quizów pasujących do podanych kryteriów
Rozkład punktacji
Procent ludzi z każdym wynikiem
Percentyl według liczby udzielonych odpowiedzi
Twoja historia wyników
Nie rozwiązałeś tego quizu